000 00247nam a2200097Ia 4500
008 220204s9999 xx 000 0 und d
082 _a0581999
_bMAN
245 0 _aManorama Yearbook. 1999.
260 _aKottayam
_bMalayala Manorama
_c1999
942 _cBK
999 _c41521
_d41521